Délmagyarország. - 1985. november 12., Kedd
Elmentve itt :
| Dokumentumtípus: | Újság |
|---|---|
| Megjelent: |
1985-11-12
|
| Sorozat: | Délmagyarország
75 No. 265 |
| Online Access: | http://dmarchiv.bibl.u-szeged.hu/22795 |
| LEADER | 00487nas a2200145 i 4500 | ||
|---|---|---|---|
| 001 | delm22795 | ||
| 005 | 20200415081936.0 | ||
| 008 | 171218s1985 hu n o 0|| hun d | ||
| 022 | |a 0133-025X | ||
| 040 | |a SZTE Délmagyarország Archívum |b hun | ||
| 041 | |a hun | ||
| 245 | 0 | 0 | |a Délmagyarország. - 1985. november 12., Kedd |h [elektronikus dokumentum] |
| 260 | |c 1985-11-12 | ||
| 490 | 0 | |a Délmagyarország |v 75 No. 265 | |
| 856 | 4 | 0 | |u http://dmarchiv.bibl.u-szeged.hu/22795/1/dm_1985_265.pdf |z Dokumentum-elérés |